[Event "Winnipeg TNT October op"]
[Site "Winnipeg CAN"]
[Date "2017.10.03"]
[Round "1"]
[White "Letain, Cory"]
[Black "Piche, Zachary"]
[Result "1-0"]
[WhiteElo "1633"]
[BlackElo "1370"]
[WhiteFideId "-1"]
[WhiteFideId "-1"]
[PlyCount "53"]
[GameId "2160767908330214"]
[EventDate "2017.10.03"]
[EventType "swiss"]
[EventRounds "4"]
[EventCountry "CAN"]
[SourceTitle "EXT 2022"]
[Source "ChessBase"]
[SourceDate "2021.10.06"]
[SourceVersion "1"]
[SourceVersionDate "2021.10.06"]
[SourceQuality "1"]

1. e4 c5 2. Nf3 d6 3. d4 cxd4 4. Nxd4 Nf6 5. Nc3 a6 6. f3 e5 7. Nb3 Be6 8. Be3 Nc6 9. Qd2 Be7 10. O-O-O Rc8 11. Kb1 Na5 12. Nxa5 Qxa5 13. Nd5 Qa4 14. b3 Qc6 15. Nxe7 Kxe7 16. Bd3 Rhd8 17. Qb4 Rd7 18. g4 h6 19. h4 Qc3 20. Qxc3 Rxc3 21. Bd2 Rc8 22. g5 hxg5 23. hxg5 Ne8 24. Rh8 d5 25. Bb4+ Kd8 26. exd5 Bxd5 27. Bf5 1-0

[Event "Winnipeg TNT October op"]
[Site "Winnipeg CAN"]
[Date "2017.10.03"]
[Round "1"]
[White "Magyar, Peter"]
[Black "Czarny, Keith"]
[Result "0-1"]
[WhiteElo "1444"]
[BlackElo "1673"]
[WhiteFideId "-1"]
[WhiteFideId "-1"]
[PlyCount "88"]
[GameId "2160767908330215"]
[EventDate "2017.10.03"]
[EventType "swiss"]
[EventRounds "4"]
[EventCountry "CAN"]
[SourceTitle "EXT 2022"]
[Source "ChessBase"]
[SourceDate "2021.10.06"]
[SourceVersion "1"]
[SourceVersionDate "2021.10.06"]
[SourceQuality "1"]

1. d4 e6 2. Bf4 f5 3. h3 Nf6 4. e3 Be7 5. Nf3 O-O 6. Be2 c5 7. c3 cxd4 8. cxd4 Nc6 9. a3 b6 10. Nbd2 Bb7 11. O-O Rc8 12. Rc1 Nd5 13. Bh2 Bf6 14. Nc4 Be7 15. Nce5 Nxe5 16. Nxe5 Nf6 17. Nf3 Rxc1 18. Qxc1 Qa8 19. Qd2 Ne4 20. Qd1 Rc8 21. Bb5 Bc6 22. Bc4 Nd6 23. Be2 Ne4 24. Ne5 Bd6 25. Nxc6 Bxh2+ 26. Kxh2 Qxc6 27. a4 Qc7+ 28. Kg1 Qc2 29. Bb5 Nf6 30. b3 Kf7 31. Bc4 Qe4 32. Qc1 d5 33. f3 Qh4 34. Kh2 dxc4 35. g3 Qg5 36. f4 Qh5 37. bxc4 Qe2+ 38. Kg1 Rxc4 39. Qd1 Qxe3+ 40. Kh1 Qxg3 41. Rf3 Rc1 42. Qxc1 Qxf3+ 43. Kh2 Nd5 44. h4 Qxf4+ 0-1

[Event "Winnipeg TNT October op"]
[Site "Winnipeg CAN"]
[Date "2017.10.03"]
[Round "1"]
[White "Remillard, John"]
[Black "Swift, Ryne"]
[Result "0-1"]
[WhiteElo "1574"]
[BlackElo "2005"]
[WhiteFideId "-1"]
[WhiteFideId "-1"]
[PlyCount "74"]
[GameId "2160767908330216"]
[EventDate "2017.10.03"]
[EventType "swiss"]
[EventRounds "4"]
[EventCountry "CAN"]
[SourceTitle "EXT 2022"]
[Source "ChessBase"]
[SourceDate "2021.10.06"]
[SourceVersion "1"]
[SourceVersionDate "2021.10.06"]
[SourceQuality "1"]

1. d4 d5 2. Nf3 Nf6 3. Nc3 e6 4. a3 c5 5. Bg5 cxd4 6. Nxd4 Be7 7. e3 O-O 8. Be2 Nc6 9. O-O Bd7 10. f4 h6 11. Bh4 Ne4 12. Be1 Nxd4 13. exd4 Nxc3 14. Bxc3 Qb6 15. Kh1 Bb5 16. Rf3 Rac8 17. Qf1 Bxe2 18. Qxe2 Bf6 19. Rd1 Rc7 20. Bb4 Be7 21. Bxe7 Rxe7 22. f5 f6 23. Rb3 Qd6 24. fxe6 Rxe6 25. Re3 Rfe8 26. Rxe6 Qxe6 27. Qd2 Qe2 28. h3 f5 29. b3 b5 30. Qc1 g5 31. Rd2 Qe1+ 32. Qxe1 Rxe1+ 33. Kh2 Re3 34. Kg1 a5 35. Kf2 Rc3 36. Ke2 a4 37. Kd1 axb3 0-1

[Event "Winnipeg TNT October op"]
[Site "Winnipeg CAN"]
[Date "2017.10.10"]
[Round "2"]
[White "Abusaleh, Yazan"]
[Black "Letain, Cory"]
[Result "0-1"]
[WhiteElo "1222"]
[BlackElo "1633"]
[WhiteFideId "-1"]
[WhiteFideId "-1"]
[PlyCount "76"]
[GameId "2160767908330218"]
[EventDate "2017.10.03"]
[EventType "swiss"]
[EventRounds "4"]
[EventCountry "CAN"]
[SourceTitle "EXT 2022"]
[Source "ChessBase"]
[SourceDate "2021.10.06"]
[SourceVersion "1"]
[SourceVersionDate "2021.10.06"]
[SourceQuality "1"]

1. e4 e5 2. Nf3 Nf6 3. Nc3 Bb4 4. a3 Bxc3 5. dxc3 O-O 6. Bd3 d6 7. Bg5 Bg4 8. h3 Bh5 9. O-O Nbd7 10. Re1 c6 11. Bc4 Qc7 12. Qd3 Bg6 13. Bxf6 Nxf6 14. Rad1 d5 15. exd5 Bxd3 16. Rxd3 e4 17. d6 Qd7 18. Ne5 Qf5 19. Nxf7 Rxf7 20. Bxf7+ Kxf7 21. Rxe4 Nxe4 22. Rf3 Qxf3 23. gxf3 Nxd6 24. Kg2 Nc4 25. Kg3 Rd8 26. Kg4 Rd2 27. f4 Rxf2 28. Kg5 Rxc2 29. h4 Rg2+ 30. Kf5 Rxb2 31. h5 Rb3 32. Kg5 Rxa3 33. f5 Rxc3 34. f6 gxf6+ 35. Kh6 Rg3 36. Kxh7 Rh3 37. h6 Rh4 38. Kh8 Rxh6# 0-1

[Event "Winnipeg TNT October op"]
[Site "Winnipeg CAN"]
[Date "2017.10.10"]
[Round "2"]
[White "Czypinski, Jaroslaw"]
[Black "Wolchock, Theo"]
[Result "0-1"]
[WhiteElo "1972"]
[BlackElo "2034"]
[WhiteFideId "-1"]
[WhiteFideId "-1"]
[PlyCount "58"]
[GameId "2160767908330219"]
[EventDate "2017.10.03"]
[EventType "swiss"]
[EventRounds "4"]
[EventCountry "CAN"]
[SourceTitle "EXT 2022"]
[Source "ChessBase"]
[SourceDate "2021.10.06"]
[SourceVersion "1"]
[SourceVersionDate "2021.10.06"]
[SourceQuality "1"]

1. e4 c5 2. Nf3 g6 3. c3 Bg7 4. d4 d5 5. Bb5+ Bd7 6. Bxd7+ Qxd7 7. exd5 Qxd5 8. Be3 cxd4 9. Bxd4 Nf6 10. O-O Nc6 11. Be3 O-O 12. Na3 Rfd8 13. Qc2 e5 14. Rad1 Qe6 15. b3 Nd5 16. Bg5 f6 17. Bc1 Rac8 18. Qb2 e4 19. Nd4 Nxd4 20. cxd4 f5 21. Nc4 b5 22. Ne5 Nc3 23. Rd2 Bxe5 24. dxe5 Qxe5 25. Rxd8+ Rxd8 26. Bg5 Rd3 27. g3 Qd5 28. Qc2 b4 29. Bf6 Rd2 0-1

[Event "Winnipeg TNT October op"]
[Site "Winnipeg CAN"]
[Date "2017.10.10"]
[Round "2"]
[White "Patel, Aalekh"]
[Black "Magyar, Peter"]
[Result "0-1"]
[WhiteElo "1595"]
[BlackElo "1444"]
[WhiteFideId "-1"]
[WhiteFideId "-1"]
[PlyCount "78"]
[GameId "2160767908330220"]
[EventDate "2017.10.03"]
[EventType "swiss"]
[EventRounds "4"]
[EventCountry "CAN"]
[SourceTitle "EXT 2022"]
[Source "ChessBase"]
[SourceDate "2021.10.06"]
[SourceVersion "1"]
[SourceVersionDate "2021.10.06"]
[SourceQuality "1"]

1. e4 e6 2. d4 d5 3. Nc3 Bb4 4. exd5 exd5 5. Bd2 Nf6 6. Qe2+ Be6 7. O-O-O a6 8. Nf3 O-O 9. Ng5 Bf5 10. f3 Nc6 11. Qf2 Ba5 12. g4 Bg6 13. h4 h6 14. h5 Bh7 15. Nxh7 Nxh7 16. Bd3 Bb6 17. Bxh7+ Kxh7 18. Ne2 Rc8 19. c3 Ne5 20. Qg3 Nc4 21. Bf4 c5 22. g5 Qe8 23. Rh2 Rc6 24. Rg1 Ne3 25. gxh6 Nf5 26. Qg4 g6 27. Be5 cxd4 28. Bxd4 Bxd4 29. Nxd4 Qe3+ 30. Kd1 Qd3+ 31. Ke1 Qb1+ 32. Kf2 Qxb2+ 33. Ne2 Qb6+ 34. Ke1 Ne3 35. Qg5 Re6 36. Nf4 Ng2+ 37. Kd2 Qe3+ 38. Kc2 Qf2+ 39. Kb3 Rb6+ 0-1

[Event "Winnipeg TNT October op"]
[Site "Winnipeg CAN"]
[Date "2017.10.10"]
[Round "2"]
[White "Piche, Zachary"]
[Black "Remillard, John"]
[Result "0-1"]
[WhiteElo "1370"]
[BlackElo "1574"]
[WhiteFideId "-1"]
[WhiteFideId "-1"]
[PlyCount "70"]
[GameId "2160767908330221"]
[EventDate "2017.10.03"]
[EventType "swiss"]
[EventRounds "4"]
[EventCountry "CAN"]
[SourceTitle "EXT 2022"]
[Source "ChessBase"]
[SourceDate "2021.10.06"]
[SourceVersion "1"]
[SourceVersionDate "2021.10.06"]
[SourceQuality "1"]

1. Nf3 b6 2. g3 Bb7 3. Bg2 e5 4. d3 Bc5 5. O-O d6 6. Bd2 b5 7. c4 b4 8. Qa4+ Qd7 9. Qxd7+ Nxd7 10. Be3 Ne7 11. Bxc5 Nxc5 12. Nbd2 O-O 13. Nb3 Nxb3 14. axb3 Nf5 15. Ra2 a6 16. g4 Ne7 17. d4 exd4 18. Nxd4 Bxg2 19. Kxg2 c5 20. Nf3 a5 21. Rd1 Rfd8 22. Ng5 d5 23. h3 h6 24. Nf3 f6 25. e3 Kf7 26. Kg3 g5 27. cxd5 Rxd5 28. Rxd5 Nxd5 29. Nd2 Nb6 30. Ne4 c4 31. Nd6+ Ke6 32. Nxc4 Nxc4 33. bxc4 a4 34. f4 a3 35. h4 b3 0-1

[Event "Winnipeg TNT October op"]
[Site "Winnipeg CAN"]
[Date "2017.10.10"]
[Round "2"]
[White "Reimer, Bruce"]
[Black "Gannon, Keith"]
[Result "1/2-1/2"]
[WhiteElo "1632"]
[BlackElo "1495"]
[WhiteFideId "-1"]
[WhiteFideId "-1"]
[PlyCount "91"]
[GameId "2160767908330222"]
[EventDate "2017.10.03"]
[EventType "swiss"]
[EventRounds "4"]
[EventCountry "CAN"]
[SourceTitle "EXT 2022"]
[Source "ChessBase"]
[SourceDate "2021.10.06"]
[SourceVersion "1"]
[SourceVersionDate "2021.10.06"]
[SourceQuality "1"]

1. c4 e5 2. g3 c5 3. Bg2 Nc6 4. Nc3 Nf6 5. e3 d6 6. Nge2 Be7 7. O-O O-O 8. h3 Be6 9. b3 d5 10. d4 cxd4 11. exd4 exd4 12. cxd5 Nxd5 13. Nxd5 Bxd5 14. Nxd4 Nxd4 15. Qxd4 Bf6 16. Qxd5 Qxd5 17. Bxd5 Bxa1 18. Ba3 Rfd8 19. Bxf7+ Kxf7 20. Rxa1 Rd7 21. Bc5 a6 22. a4 Rad8 23. Bb6 Rd1+ 24. Rxd1 Rxd1+ 25. Kg2 Rb1 26. g4 Rxb3 27. a5 Rb5 28. f3 g6 29. Kg3 h5 30. Bd8 hxg4 31. hxg4 Rd5 32. Bc7 Rc5 33. Bd8 Rb5 34. f4 Rb3+ 35. Kh4 Rb1 36. Kg5 Rh1 37. f5 gxf5 38. Kxf5 Rf1+ 39. Kg5 Rd1 40. Bb6 Rd5+ 41. Kf4 Kg6 42. Ke4 Rb5 43. Bd8 Rb4+ 44. Kf3 Rb3+ 45. Kf4 Rb4+ 46. Kf3 1/2-1/2

[Event "Winnipeg TNT October op"]
[Site "Winnipeg CAN"]
[Date "2017.10.10"]
[Round "2"]
[White "Rutter, Blair"]
[Black "Ledorze, Phil"]
[Result "1-0"]
[WhiteElo "2035"]
[BlackElo "1871"]
[WhiteFideId "-1"]
[WhiteFideId "-1"]
[PlyCount "75"]
[GameId "2160767908330223"]
[EventDate "2017.10.03"]
[EventType "swiss"]
[EventRounds "4"]
[EventCountry "CAN"]
[SourceTitle "EXT 2022"]
[Source "ChessBase"]
[SourceDate "2021.10.06"]
[SourceVersion "1"]
[SourceVersionDate "2021.10.06"]
[SourceQuality "1"]

1. c4 Nf6 2. g3 e6 3. Bg2 d5 4. Nf3 c6 5. Qb3 Nbd7 6. O-O Be7 7. d4 O-O 8. Nc3 Qb6 9. Qxb6 axb6 10. cxd5 exd5 11. Re1 Re8 12. Bd2 Nf8 13. Ne5 Ng4 14. Nf3 f5 15. h3 Nf6 16. Ne5 Ne4 17. Nxe4 fxe4 18. f3 exf3 19. exf3 Nd7 20. f4 Nf6 21. g4 Bf8 22. Kh2 h6 23. Bf3 Nh7 24. a3 g5 25. Kg3 Bd6 26. h4 gxf4+ 27. Bxf4 Kg7 28. Re2 Bxe5 29. Bxe5+ Kf7 30. Rf1 Kg8 31. Ref2 Be6 32. Re1 c5 33. Rfe2 Nf8 34. dxc5 bxc5 35. Bd6 Bf7 36. Rxe8 Rxe8 37. Rxe8 Bxe8 38. Bxd5+ 1-0

[Event "Winnipeg TNT October op"]
[Site "Winnipeg CAN"]
[Date "2017.10.10"]
[Round "2"]
[White "Sauddin, Ray"]
[Black "Furda, Evheniya Diana"]
[Result "1-0"]
[WhiteElo "1459"]
[BlackElo "1615"]
[WhiteFideId "-1"]
[WhiteFideId "-1"]
[PlyCount "65"]
[GameId "2160767908330224"]
[EventDate "2017.10.03"]
[EventType "swiss"]
[EventRounds "4"]
[EventCountry "CAN"]
[SourceTitle "EXT 2022"]
[Source "ChessBase"]
[SourceDate "2021.10.06"]
[SourceVersion "1"]
[SourceVersionDate "2021.10.06"]
[SourceQuality "1"]

1. e4 e5 2. Nf3 Nc6 3. Bb5 a6 4. Ba4 Nf6 5. Nc3 b5 6. Bb3 d6 7. d4 Bb7 8. d5 Na5 9. a3 Nxb3 10. cxb3 c6 11. O-O cxd5 12. exd5 Be7 13. Re1 O-O 14. Ng5 Nxd5 15. Nge4 Nxc3 16. bxc3 Rc8 17. Bb2 d5 18. Ng3 e4 19. Qg4 Bf6 20. Nf5 Kh8 21. Rad1 g6 22. Ng3 Bxc3 23. Bxc3+ Rxc3 24. Nxe4 Rxb3 25. Nc5 Bc8 26. Qd4+ Kg8 27. Nxb3 Be6 28. Nc5 Bf5 29. Nxa6 Qa5 30. Nb4 Qxa3 31. Nxd5 Qa6 32. Nf6+ Kh8 33. Nd7+ 1-0

[Event "Winnipeg TNT October op"]
[Site "Winnipeg CAN"]
[Date "2017.10.10"]
[Round "2"]
[White "Swift, Ryne"]
[Black "Kernetsky, Myron"]
[Result "1-0"]
[WhiteElo "2005"]
[BlackElo "2091"]
[WhiteFideId "-1"]
[WhiteFideId "-1"]
[PlyCount "51"]
[GameId "2160767908330226"]
[EventDate "2017.10.03"]
[EventType "swiss"]
[EventRounds "4"]
[EventCountry "CAN"]
[SourceTitle "EXT 2022"]
[Source "ChessBase"]
[SourceDate "2021.10.06"]
[SourceVersion "1"]
[SourceVersionDate "2021.10.06"]
[SourceQuality "1"]

1. e4 e6 2. d4 d5 3. Nd2 Be7 4. c3 Nf6 5. e5 Nfd7 6. f4 c5 7. Ne2 Nc6 8. g3 b5 9. Bg2 cxd4 10. cxd4 Qb6 11. Nf3 b4 12. O-O Ba6 13. b3 Bb5 14. Be3 O-O 15. Qd2 Rfc8 16. Rf2 a5 17. f5 Nf8 18. f6 gxf6 19. exf6 Bd6 20. Bf4 Bxf4 21. Qxf4 Nd7 22. Qh6 Nxf6 23. Qg5+ Kf8 24. Qxf6 Bxe2 25. Rxe2 e5 26. Rxe5 1-0

[Event "Winnipeg TNT October op"]
[Site "Winnipeg CAN"]
[Date "2017.10.17"]
[Round "3"]
[White "Czarny, Keith"]
[Black "Sauddin, Ray"]
[Result "1-0"]
[WhiteElo "1673"]
[BlackElo "1459"]
[WhiteFideId "-1"]
[WhiteFideId "-1"]
[PlyCount "109"]
[GameId "2160767908330227"]
[EventDate "2017.10.03"]
[EventType "swiss"]
[EventRounds "4"]
[EventCountry "CAN"]
[SourceTitle "EXT 2022"]
[Source "ChessBase"]
[SourceDate "2021.10.06"]
[SourceVersion "1"]
[SourceVersionDate "2021.10.06"]
[SourceQuality "1"]

1. Nf3 Nf6 2. c4 g6 3. Nc3 Bg7 4. g3 O-O 5. Bg2 Re8 6. O-O e5 7. d3 d5 8. cxd5 Nxd5 9. Nxd5 Qxd5 10. Ng5 Qd8 11. Qb3 Qe7 12. Ne4 h6 13. Be3 Na6 14. Rac1 Rb8 15. Bxa7 Ra8 16. Be3 c6 17. a3 Kh7 18. Qc2 Bf5 19. Nd2 Qd7 20. Qc4 Re7 21. b4 Bh3 22. Qh4 Bxg2 23. Kxg2 Nc7 24. Ne4 h5 25. Bc5 Ree8 26. Ra1 Nd5 27. Kg1 Qg4 28. Qxg4 hxg4 29. Nd6 Re6 30. Nxf7 Bf6 31. e4 Nc3 32. Be3 Ne2+ 33. Kg2 Nd4 34. Ng5+ Bxg5 35. Bxg5 Nf3 36. Be3 Rd8 37. Rfd1 Red6 38. h3 Rxd3 39. Rxd3 Rxd3 40. hxg4 Nd4 41. Bxd4 exd4 42. Kf1 b6 43. a4 c5 44. bxc5 bxc5 45. a5 Rb3 46. a6 Rb8 47. a7 Ra8 48. Ra4 Kg7 49. Ke2 Kf6 50. f4 Ke7 51. Kd3 Kd7 52. f5 gxf5 53. gxf5 Kd6 54. f6 Ke6 55. e5 1-0

[Event "Winnipeg TNT October op"]
[Site "Winnipeg CAN"]
[Date "2017.10.17"]
[Round "3"]
[White "Gannon, Keith"]
[Black "Patel, Aalekh"]
[Result "0-1"]
[WhiteElo "1495"]
[BlackElo "1595"]
[WhiteFideId "-1"]
[WhiteFideId "-1"]
[PlyCount "130"]
[GameId "2160767908330230"]
[EventDate "2017.10.03"]
[EventType "swiss"]
[EventRounds "4"]
[EventCountry "CAN"]
[SourceTitle "EXT 2022"]
[Source "ChessBase"]
[SourceDate "2021.10.06"]
[SourceVersion "1"]
[SourceVersionDate "2021.10.06"]
[SourceQuality "1"]

1. Nf3 d5 2. b3 Nf6 3. Bb2 c5 4. g3 Nc6 5. Bg2 d4 6. d3 e5 7. Nbd2 Be7 8. O-O O-O 9. c3 Re8 10. Re1 Nd5 11. cxd4 cxd4 12. a3 a5 13. Nc4 Bd6 14. Nxd6 Qxd6 15. Nd2 b5 16. Ne4 Qe7 17. Qc2 Bd7 18. Nc5 Be6 19. Nxe6 Qxe6 20. Qc5 Nce7 21. Bxd5 Qxd5 22. Qxd5 Nxd5 23. Rac1 Rac8 24. Rxc8 Rxc8 25. e4 Nc3 26. Kg2 Kf8 27. f4 f6 28. fxe5 fxe5 29. Rf1+ Ke7 30. Bc1 h6 31. h4 Ke6 32. h5 Ne2 33. Bd2 Rc2 34. Bxa5 Nf4+ 35. Kh1 Nxd3 36. Rf8 Nf2+ 37. Kg1 Nxe4 38. g4 Nd6 39. Ra8 Kf7 40. Rd8 Ne4 41. Rd5 Ng5 42. Rxb5 d3 43. Rb7+ Kg8 44. Rd7 Nf3+ 45. Kf1 d2 46. Ke2 Nd4+ 47. Kd1 Rc1+ 48. Kxd2 Nxb3+ 49. Ke3 Nxa5 50. Rd5 Nc4+ 51. Ke4 Re1+ 52. Kd3 Nxa3 53. Rd8+ Kf7 54. Rd7+ Kf8 55. Rd8+ Ke7 56. Rg8 Kf7 57. Ra8 Nb5 58. Rb8 Nd6 59. Ra8 Ke6 60. Rg8 Kf6 61. Kd2 Re4 62. Rd8 Nf7 63. Ra8 Rxg4 64. Ra6+ Kg5 65. Ra7 Rf4 0-1

[Event "Winnipeg TNT October op"]
[Site "Winnipeg CAN"]
[Date "2017.10.17"]
[Round "3"]
[White "Kernetsky, Myron"]
[Black "Bince, Rolando"]
[Result "1-0"]
[WhiteElo "2091"]
[BlackElo "2001"]
[WhiteFideId "-1"]
[WhiteFideId "-1"]
[PlyCount "85"]
[GameId "2160767908330231"]
[EventDate "2017.10.03"]
[EventType "swiss"]
[EventRounds "4"]
[EventCountry "CAN"]
[SourceTitle "EXT 2022"]
[Source "ChessBase"]
[SourceDate "2021.10.06"]
[SourceVersion "1"]
[SourceVersionDate "2021.10.06"]
[SourceQuality "1"]

1. d4 f5 2. Nf3 Nf6 3. Bf4 e6 4. e3 b6 5. Bd3 Bb7 6. O-O Be7 7. h3 O-O 8. c4 d6 9. Nbd2 Nbd7 10. Qc2 c5 11. Bh2 Rc8 12. Ng5 Qe8 13. Nxe6 Qg6 14. f3 Rfe8 15. Bxf5 Qh5 16. Nf4 Qh6 17. Ne4 Rb8 18. Rae1 g6 19. Be6+ Kh8 20. Nd5 Nxd5 21. Bxd5 Qf8 22. Bxb7 Rxb7 23. Qc3 Nf6 24. d5 h6 25. Bxd6 Kg7 26. Be5 Qf7 27. f4 Rf8 28. Nxf6 Bxf6 29. Bxf6+ Qxf6 30. Qxf6+ Kxf6 31. e4 b5 32. cxb5 Rxb5 33. b3 Rb4 34. e5+ Ke7 35. g3 Rd8 36. d6+ Ke6 37. Rc1 Kd5 38. Rfe1 Re4 39. Rxe4 Kxe4 40. Rxc5 g5 41. e6 Rxd6 42. e7 Kf3 43. Rc3+ 1-0

[Event "Winnipeg TNT October op"]
[Site "Winnipeg CAN"]
[Date "2017.10.17"]
[Round "3"]
[White "Magyar, Peter"]
[Black "Reimer, Bruce"]
[Result "1-0"]
[WhiteElo "1444"]
[BlackElo "1632"]
[WhiteFideId "-1"]
[WhiteFideId "-1"]
[PlyCount "87"]
[GameId "2160767908330233"]
[EventDate "2017.10.03"]
[EventType "swiss"]
[EventRounds "4"]
[EventCountry "CAN"]
[SourceTitle "EXT 2022"]
[Source "ChessBase"]
[SourceDate "2021.10.06"]
[SourceVersion "1"]
[SourceVersionDate "2021.10.06"]
[SourceQuality "1"]

1. d4 g6 2. Bf4 d6 3. Nf3 Bg7 4. e3 a6 5. c3 b5 6. a3 Bb7 7. Nbd2 Nd7 8. Be2 Ngf6 9. h3 O-O 10. O-O c5 11. Rc1 Qc7 12. b3 h6 13. Bd3 Rfc8 14. c4 Qb6 15. d5 Nh5 16. Qc2 Nxf4 17. exf4 b4 18. a4 Nf8 19. Rfe1 Re8 20. Nh4 Bc8 21. Re3 e6 22. Rce1 Qd8 23. Nhf3 Bd7 24. Nf1 Bc3 25. N3d2 exd5 26. cxd5 Qh4 27. Rxe8 Rxe8 28. Rxe8 Bxe8 29. Bxa6 Qxf4 30. Ne4 Be5 31. Neg3 Bd7 32. Qe4 Qc1 33. Qh4 Kg7 34. Qe7 Qd1 35. Ne4 Qxd5 36. Bc4 Bh2+ 37. Nxh2 Qf5 38. Nxd6 Qf6 39. Qxf6+ Kxf6 40. a5 Ne6 41. a6 Bc6 42. a7 Nd4 43. Ng4+ Ke7 44. Nxh6 1-0

[Event "Winnipeg TNT October op"]
[Site "Winnipeg CAN"]
[Date "2017.10.17"]
[Round "3"]
[White "Remillard, John"]
[Black "Czypinski, Jaroslaw"]
[Result "1-0"]
[WhiteElo "1574"]
[BlackElo "1972"]
[WhiteFideId "-1"]
[WhiteFideId "-1"]
[PlyCount "103"]
[GameId "2160767908330234"]
[EventDate "2017.10.03"]
[EventType "swiss"]
[EventRounds "4"]
[EventCountry "CAN"]
[SourceTitle "EXT 2022"]
[Source "ChessBase"]
[SourceDate "2021.10.06"]
[SourceVersion "1"]
[SourceVersionDate "2021.10.06"]
[SourceQuality "1"]

1. c4 e5 2. Nc3 Nf6 3. a3 d5 4. cxd5 Nxd5 5. g3 Nc6 6. Bg2 Be6 7. e3 Be7 8. Nge2 Qd7 9. O-O O-O 10. d4 exd4 11. Nxd4 Nxd4 12. Nxd5 Bxd5 13. Qxd4 Rfd8 14. Rd1 c6 15. e4 Be6 16. Be3 Qxd4 17. Bxd4 Bb3 18. Rd3 Bc4 19. Rd2 c5 20. Rc1 Bb3 21. Bc3 Rxd2 22. Bxd2 Rd8 23. Bc3 b6 24. f4 f6 25. Kf2 Kf7 26. Ke3 Rd7 27. Bf1 c4 28. Be2 Bc5+ 29. Kf3 Ke6 30. g4 b5 31. h4 Bd4 32. Bxd4 Rxd4 33. Ke3 Rd7 34. h5 h6 35. g5 Rd8 36. gxh6 gxh6 37. Rg1 Kf7 38. Rg6 Bd1 39. Rxh6 Bxe2 40. Kxe2 Rg8 41. Rh7+ Ke6 42. Kf3 Ra8 43. f5+ Kd6 44. Rf7 a5 45. Rxf6+ Ke5 46. Re6+ Kd4 47. Rd6+ Kc5 48. Rd5+ Kc6 49. f6 Rf8 50. Rf5 b4 51. axb4 axb4 52. Ke3 1-0

[Event "Winnipeg TNT October op"]
[Site "Winnipeg CAN"]
[Date "2017.10.17"]
[Round "3"]
[White "Rutter, Blair"]
[Black "Letain, Cory"]
[Result "1/2-1/2"]
[WhiteElo "2035"]
[BlackElo "1633"]
[WhiteFideId "-1"]
[WhiteFideId "-1"]
[PlyCount "85"]
[GameId "2160767908330235"]
[EventDate "2017.10.03"]
[EventType "swiss"]
[EventRounds "4"]
[EventCountry "CAN"]
[SourceTitle "EXT 2022"]
[Source "ChessBase"]
[SourceDate "2021.10.06"]
[SourceVersion "1"]
[SourceVersionDate "2021.10.06"]
[SourceQuality "1"]

1. c4 c5 2. g3 g6 3. Bg2 Bg7 4. Nc3 Nc6 5. e4 e5 6. Nge2 Nge7 7. O-O O-O 8. h3 d6 9. d3 h6 10. Be3 Kh7 11. Kh2 Be6 12. Qd2 Qd7 13. f4 f5 14. Rae1 Rad8 15. Nd5 Nd4 16. Nec3 Nec6 17. Rf2 Rf7 18. Rb1 Rdf8 19. b4 b6 20. b5 Na5 21. Rbf1 fxe4 22. Bxe4 Nf5 23. Bg2 Nxe3 24. Nxe3 exf4 25. Rxf4 Rxf4 26. gxf4 Bd4 27. Ncd5 Nb7 28. Nc2 Bg7 29. Nce3 Bd4 30. Rf3 Nd8 31. Rg3 Nf7 32. Be4 Nh8 33. h4 Bxe3 34. Qxe3 Bf5 35. h5 Bxe4 36. Qxe4 Qf5 37. Qe7+ Rf7 38. hxg6+ Nxg6 39. Qxd6 Qh5+ 40. Kg1 Qd1+ 41. Kh2 Qh5+ 42. Kg1 Qd1+ 43. Kh2 1/2-1/2

[Event "Winnipeg TNT October op"]
[Site "Winnipeg CAN"]
[Date "2017.10.17"]
[Round "3"]
[White "Wolchock, Theo"]
[Black "Swift, Ryne"]
[Result "1/2-1/2"]
[WhiteElo "2034"]
[BlackElo "2005"]
[WhiteFideId "-1"]
[WhiteFideId "-1"]
[PlyCount "53"]
[GameId "2160767908330236"]
[EventDate "2017.10.03"]
[EventType "swiss"]
[EventRounds "4"]
[EventCountry "CAN"]
[SourceTitle "EXT 2022"]
[Source "ChessBase"]
[SourceDate "2021.10.06"]
[SourceVersion "1"]
[SourceVersionDate "2021.10.06"]
[SourceQuality "1"]

1. e4 e5 2. d4 exd4 3. Qxd4 Nc6 4. Qe3 d6 5. Nc3 Nf6 6. Bd2 Be7 7. O-O-O O-O 8. f3 a6 9. Nge2 b5 10. Nf4 b4 11. Ncd5 a5 12. g4 Rb8 13. h4 Nxd5 14. Nxd5 Be6 15. Be2 Ne5 16. Rdg1 c6 17. Nxe7+ Qxe7 18. f4 Nc4 19. Bxc4 Bxc4 20. b3 Ba6 21. g5 f5 22. exf5 Qxe3 23. Bxe3 Rbe8 24. Re1 Rxf5 25. Bd2 Kf7 26. Rhg1 Rxe1+ 27. Rxe1 1/2-1/2

[Event "Winnipeg TNT October op"]
[Site "Winnipeg CAN"]
[Date "2017.10.24"]
[Round "4"]
[White "Abusaleh, Yazan"]
[Black "Gannon, Keith"]
[Result "1-0"]
[WhiteElo "1222"]
[BlackElo "1495"]
[WhiteFideId "-1"]
[WhiteFideId "-1"]
[PlyCount "101"]
[GameId "2160767908330237"]
[EventDate "2017.10.03"]
[EventType "swiss"]
[EventRounds "4"]
[EventCountry "CAN"]
[SourceTitle "EXT 2022"]
[Source "ChessBase"]
[SourceDate "2021.10.06"]
[SourceVersion "1"]
[SourceVersionDate "2021.10.06"]
[SourceQuality "1"]

1. e4 e5 2. Bc4 Nf6 3. Nf3 d6 4. Nc3 Be7 5. O-O O-O 6. Re1 Nc6 7. d3 a6 8. a3 Bd7 9. Nd5 Nxd5 10. Bxd5 Rb8 11. Bd2 Bf6 12. Qc1 Ne7 13. Ba2 b5 14. Ng5 Bxg5 15. Bxg5 Be6 16. Bxe6 fxe6 17. Qe3 c5 18. Qg3 Qd7 19. Bh6 Ng6 20. Bg5 Rf7 21. Rad1 Rbf8 22. f3 Nf4 23. c3 Nh5 24. Qh4 Nf6 25. d4 cxd4 26. cxd4 exd4 27. Rxd4 e5 28. Rd3 Qa7+ 29. Qf2 Qxf2+ 30. Kxf2 h6 31. Bd2 Rd7 32. Bb4 Ne8 33. Red1 Rf6 34. Bc3 Rc7 35. Bb4 Rc2+ 36. R1d2 Rxd2+ 37. Rxd2 g5 38. Rc2 g4 39. Rc6 gxf3 40. gxf3 Kf7 41. Rxa6 Ke6 42. Rb6 Rf7 43. Rxb5 Rc7 44. Bc3 Rc5 45. Rxc5 dxc5 46. a4 Nc7 47. Bd2 h5 48. Kg3 Kf6 49. Kh4 Kg6 50. Bc3 c4 51. Bxe5 1-0

[Event "Winnipeg TNT October op"]
[Site "Winnipeg CAN"]
[Date "2017.10.24"]
[Round "4"]
[White "Bince, Rolando"]
[Black "Remillard, John"]
[Result "1-0"]
[WhiteElo "2001"]
[BlackElo "1574"]
[WhiteFideId "-1"]
[WhiteFideId "-1"]
[PlyCount "63"]
[GameId "2160767908330238"]
[EventDate "2017.10.03"]
[EventType "swiss"]
[EventRounds "4"]
[EventCountry "CAN"]
[SourceTitle "EXT 2022"]
[Source "ChessBase"]
[SourceDate "2021.10.06"]
[SourceVersion "1"]
[SourceVersionDate "2021.10.06"]
[SourceQuality "1"]

1. e4 e6 2. d4 b6 3. Nf3 Bb7 4. Bd3 c5 5. c3 cxd4 6. cxd4 d5 7. e5 Bb4+ 8. Nc3 Bxc3+ 9. bxc3 Qc7 10. Qd2 Ne7 11. Ba3 Nbc6 12. O-O Na5 13. Qg5 Ng6 14. Bd6 Qd7 15. h4 Qd8 16. Qg3 Nc4 17. h5 Nxd6 18. exd6 Ne5 19. Nxe5 O-O 20. Nf3 Rc8 21. h6 g6 22. Qe5 f6 23. Qxe6+ Rf7 24. Bb5 Kf8 25. d7 Ra8 26. Qe8+ Qxe8 27. dxe8=Q+ Rxe8 28. Bxe8 Kxe8 29. Rfe1+ Re7 30. Nh4 Bc8 31. Rxe7+ Kxe7 32. Nxg6+ 1-0